000 00528nam a22001817a 4500
005 20251014092004.0
008 251014b |||||||| |||| 00| 0 eng d
020 _a978-81-8473-006-4
040 _aNational Science Library
_cNational Science Library
080 _a347.77.043
_bP8.1
245 _aDrafting license agreements
250 _a4th ed.
_bVol. 1
260 _aNew Delhi:
_bWolters Kluwe,
_c2008
300 _axiii,
700 _aEpstein, Mishael A. (Ed.)
700 _aPolitano, Frank L. (Ed.)
942 _2udc
_cBK
999 _c67813
_d67813